| 000 | 00474nam a2200181Ia 4500 | ||
|---|---|---|---|
| 005 | 20250508162208.0 | ||
| 008 | 008 250505s9999 xx 000 0 hin d | ||
| 037 | _aTextual | ||
| 040 |
_aFEDL _beng _cFEDL |
||
| 041 |
_ahin _2eng |
||
| 084 |
_a891.4309, BAJ _qFEDL |
||
| 100 | _aVajpai Nand Dulare | ||
| 245 | 0 | _aAdhunik sahitya srijan aur samiksha | |
| 260 | _c1978 | ||
| 300 | _a165p. | ||
| 942 |
_cTEXL _h891.4309, BAJ |
||
| 999 |
_c1374952 _d1374952 |
||